000 01168nam a2200385 a 4500
003 AR-BaBNM
005 20251128210000.0
008 082120s2002 ||||||||||||||000 | spa||
020 _a950-02-5829-3
040 _cAR-BaBNM
100 1 _aPérez Ulloa, Iris
245 0 0 _aDidáctica de la educación plástica en la EGB
_bel taller de arte en la escuela
260 _aBuenos Aires
_bEl Ateneo
_c1998
300 _a159 p.
_bil., facsím.
490 0 _aNuevos aires en la educación
500 _aLáminas con ilustraciones en color: p. 149-152
500 _aCréditos y agradecimientos: p. 153
504 _aBibliografía: p. 155-159
600 1 4 _aEisner, Elliot W.
650 4 _aEDUCACION ARTISTICA
650 4 _aMETODOS DE ENSEÑANZA
650 4 _aROL DEL DOCENTE
650 4 _aCREATIVIDAD
650 4 _aDIBUJO
650 4 _aTECNICAS DIDACTICAS
650 4 _aTALLERES ESCOLARES
650 4 _aOBJETIVOS EDUCACIONALES
651 4 _aArgentina
653 _aEDUCACION PLASTICA
653 _aCONTENIDOS CURRICULARES
653 _aEDUCACION GENERAL BASICA
800 1 _aPerriconi, Graciela
_ecoordinador
942 _cBK
998 _carturo
999 _c13592
_d13592